00455nam a22001457a 4500008004100000020001800041040005500059080002400114100002100138245006500159260004700224300001000271650001200281653001600293230620b |||||||| |||| 00| 0 eng d a81-224-0584-3 aNational Science LibrarycNational Science Library aR 631(540):016 bN3 aVijayalakshmi, K aTraditional Indian agriculture: bAn annotated bibliography  aNew Delhi: bWiley Eastern Limited, c1993 a113p. aScience aAgriculture